[Event "VIE-ch U15"]
[Site "Hanoi"]
[Date "2022.06.13"]
[Round "4"]
[White "Do, Huy Hung"]
[Black "Nguyen, Huu Tan Phat"]
[Result "1/2-1/2"]
[WhiteElo "2320"]
[BlackElo "2307"]
[PlyCount "108"]
[EventDate "2022.06.11"]
[EventType "swiss"]
[EventRounds "9"]
[EventCountry "VIE"]
[SourceTitle "EXT 2023"]
[Source "ChessBase"]
[SourceDate "2022.10.05"]
[SourceVersion "1"]
[SourceVersionDate "2022.10.05"]
[SourceQuality "1"]

1. d4 Nf6 2. Nf3 g6 3. e3 d5 4. c4 dxc4 5. Bxc4 Bg7 6. 0-0 0-0 7. h3 Bf5 8. Nbd2 c6 9. a4 a5 10. b3 Nbd7 11. Bb2 Nb6 12. Ne5 Nfd7 13. Ndf3 Nxe5 14. Nxe5 Bxe5 15. dxe5 Qxd1 16. Rfxd1 Rfd8 17. Bd4 Nxc4 18. bxc4 Ra6 19. c5 Ra7 20. f3 Be6 21. Rdb1 Rd7 22. Rb6 Bf5 23. g4 Bc2 24. Kf2 Bd3 25. Ra3 Ba6 26. Rc3 Ra8 27. h4 Rad8 28. g5 Rxd4 29. exd4 Rxd4 30. Ra3 Rc4 31. Rbb3 Rxc5 32. Re3 Rc4 33. Re4 Rc5 34. e6 Rd5 35. Rae3 fxe6 36. Rxe6 Rd4 37. Rxe7 Rd8 38. Re8+ Rxe8 39. Rxe8+ Kf7 40. Re5 b6 41. Ke3 Bc4 42. Re4 Bb3 43. Rf4+ Ke7 44. Kd3 b5 45. axb5 cxb5 46. Kc3 Bc4 47. Rf6 a4 48. Kb4 Bd3 49. Rb6 Kf8 50. Rd6 Bc4 51. f4 Ke7 52. Rd2 Ke6 53. Rd8 Kf5 54. Rh8 Kxf4 1/2-1/2

[Event "VIE-ch U09"]
[Site "Hai Phong"]
[Date "2018.07.12"]
[Round "8"]
[White "Mai, Nguyen Xuan Uy"]
[Black "Nguyen, Huu Tan Phat"]
[Result "0-1"]
[WhiteElo "1924"]
[BlackElo "1936"]
[PlyCount "160"]
[EventDate "2018.07.07"]
[EventType "swiss"]
[EventRounds "9"]
[EventCountry "VIE"]
[SourceTitle "EXT 2019"]
[Source "ChessBase"]
[SourceDate "2018.10.10"]
[SourceVersion "1"]
[SourceVersionDate "2018.10.10"]
[SourceQuality "1"]

1. e4 c5 2. Nc3 d6 3. Bb5+ Bd7 4. Bxd7+ Qxd7 5. Nf3 Nf6 6. d3 g6 7. Bg5 Bg7 8. Qd2 0-0 9. Bh6 Nc6 10. Bxg7 Kxg7 11. 0-0 Rab8 12. h3 a5 13. a4 b6 14. Nd5 Nxd5 15. exd5 Nb4 16. c4 Qf5 17. Rfd1 Rfe8 18. Qc3+ Qf6 19. Ng5 Qxc3 20. bxc3 Na6 21. d4 h6 22. Nf3 Kh7 23. Ra2 Rb7 24. Kh2 Kg7 25. Re2 Kf6 26. g4 g5 27. Kg3 Kg6 28. h4 f6 29. h5+ Kg7 30. Nh2 Nb8 31. f4 Rf8 32. Rde1 Re8 33. f5 Na6 34. Re4 cxd4 35. Rxd4 Nc5 36. Re3 Nxa4 37. Nf3 Nc5 38. Nd2 a4 39. Nb1 Ra7 40. Rd2 Kf7 41. Na3 Rea8 42. Ra2 Ra5 43. Nb5 a3 44. Nc7 Rc8 45. Nb5 Ra4 46. Rxa3 Rxc4 47. Ra2 Ne4+ 48. Kf3 Nxc3 49. Rxc3 Rxc3+ 50. Nxc3 Rxc3+ 51. Ke2 Rg3 52. Ra4 Rb3 53. Kd2 b5 54. Rd4 Rf3 55. Rb4 Rf4 56. Kc3 Rf3+ 57. Kc2 Rg3 58. Kd2 Ke8 59. Rxb5 Rxg4 60. Rb8+ Kf7 61. Rh8 Kg7 62. Re8 Re4 63. Kd3 Re5 64. Kd4 g4 65. Rc8 g3 66. Rc2 Rxf5 67. Rg2 Rg5 68. Ke4 Rg4+ 69. Kf3 f5 70. Re2 Kf6 71. Re6+ Kg5 72. Kg2 Re4 73. Rg6+ Kxh5 74. Rxg3 Rg4 75. Kf3 Rxg3+ 76. Kxg3 Kg5 77. Kf3 f4 78. Kg2 Kg4 79. Kf2 f3 80. Kf1 Kg3 0-1

[Event "VIE-ch U09"]
[Site "Hai Phong"]
[Date "2018.07.08"]
[Round "3"]
[White "Nguyen, Huu Tan Phat"]
[Black "Giap, Xuan Cuong"]
[Result "1-0"]
[WhiteElo "1936"]
[BlackElo "1922"]
[PlyCount "22"]
[EventDate "2018.07.07"]
[EventType "swiss"]
[EventRounds "9"]
[EventCountry "VIE"]
[SourceTitle "EXT 2019"]
[Source "ChessBase"]
[SourceDate "2018.10.10"]
[SourceVersion "1"]
[SourceVersionDate "2018.10.10"]
[SourceQuality "1"]

1. c4 f5 2. d3 Nf6 3. Nf3 e6 4. g3 Bc5 5. Bg2 b6 6. Ne5 c6 7. 0-0 h5 8. Ng6 Rh7 9. Nc3 Rh6 10. Bxh6 gxh6 11. Qd2 Ng8 1-0